00799 2200229 4500001002100000005001700021008004100038020001800079035002400097040001200121082001500133084001900148090002300167245013600190260008000326300003300406650003600439650004600475850001200521990001800533990001800551INLIS00000000002367620161028132452.0  a9789793879093 0010-101600000000628 aYOPDYOG a305.899 22 a305.899 22 Ens aBTR 305.899 22 Ens aEnsiklopedia Kebudayaan Melayu RiaubJilid III K-Mc/ Tim Penyususn Pusat Penelitian Kebudayaan dan Kemasyarakatan Universitas Riau aRiaubPusat Penelitian Kebudayaan dan Kemasyarakatan Universitas Riauc2012 axiv, 299 hlm.bilus.c28 cm. aKebudayaan Melayu - Ensiklopedi aRiau - Kehidupan Sosial dan Adat Istiadat aYOPDYOG a52989-PD/A.16 a52990-PD/A.16